Aplikácia práva Európskych spoločenstiev a európske právne vedomie na Slovensku
Súdnictvo na Slovensku a jeho podstata, charakteristika. Vzťah právneho poriadku SR a práva ES/EÚ. Priamy účinok práva ES/EÚ. Prednosť práva ES/EÚ.
Gespeichert in:
| 1. Verfasser: | |
|---|---|
| Format: | Buchkapitel |
| Sprache: | Slowakisch |
| Schlagworte: | |
| Tags: |
Keine Tags, Fügen Sie das erste Tag hinzu!
|
MARC
| LEADER | 00000naa$a2200000$$$4500 | ||
|---|---|---|---|
| 001 | 0036915 | ||
| 005 | 20221207085648.9 | ||
| 041 | 0 | |a slo | |
| 044 | |a SK | ||
| 245 | 1 | 0 | |a Aplikácia práva Európskych spoločenstiev a európske právne vedomie na Slovensku |c Miroslav Slašťan |
| 520 | |a Súdnictvo na Slovensku a jeho podstata, charakteristika. Vzťah právneho poriadku SR a práva ES/EÚ. Priamy účinok práva ES/EÚ. Prednosť práva ES/EÚ. | ||
| 610 | 2 | 0 | |a právo |
| 610 | 2 | 0 | |a aproximácia práva |
| 610 | 2 | 0 | |a súdnictvo |
| 610 | 2 | 0 | |a súdy |
| 610 | 2 | 0 | |a Európske spoločenstvá |
| 610 | 2 | 0 | |a Európska únia |
| 610 | 2 | 0 | |a Slovensko |
| 100 | 1 | |a Slašťan, Miroslav | |